| 000 | 01084nam a2200337 i 4500 | ||
|---|---|---|---|
| 001 | 25433 | ||
| 003 | KOSZ 005 | ||
| 005 | 20220427123017.0 | ||
| 008 | 071209s1971 pl a f 001 0 pol | ||
| 015 | _aPB 1971/9404 | ||
| 035 | _a(OCoLC)749285813 | ||
| 040 |
_aWA N _cWA N _dKOSZ 005/KK |
||
| 080 | _a661:331.82 | ||
| 100 | 1 |
_aTaubman, Jerzy _d(1935- ) _eAutor |
|
| 245 | 1 | 0 |
_aUwaga, kwasy / _cJerzy Taubman. |
| 260 |
_aWarszawa : _bWydawnictwo Związkowe CRZZ, _c1971. |
||
| 300 |
_a141, [3] stron : _bilustracje ; _c23 cm. |
||
| 336 |
_2rdacontent _aTekst _btxt |
||
| 337 |
_2rdamedia _aBez urządzenia pośredniczącego _bn |
||
| 338 |
_2rdacarrier _aWolumin _bnc |
||
| 380 | _aKsiążki. | ||
| 490 | 1 | _aBHP. | |
| 504 | _aBibliografia na stronie [137]. Indeks. | ||
| 650 | 4 | _aKwasy | |
| 658 | _aChemia | ||
| 658 | _aMedycyna i zdrowie | ||
| 710 |
_aWydawnictwo Związkowe CRZZ _4pbl. |
||
| 856 |
_uhttp://koha.tu.koszalin.pl/cgi-bin/koha/opac-detail.pl?biblionumber=25433 _yKatalog online BPK |
||
| 830 | 0 | _aBHP | |
| 942 |
_2UKD _cKS |
||
| 999 |
_c25433 _d25433 |
||